[Event "WCPL:White Knights-Cardiff"]
[Site "?"]
[Date "2016.10.02"]
[Round "1.1"]
[White "Brown, Thomas"]
[Black "Garcia, Jason"]
[Result "1-0"]
[WhiteElo "2062"]
[BlackElo "2040"]
[PlyCount "89"]
[EventDate "2016.10.02"]
[EventCountry "WLS"]
[SourceDate "2016.10.09"]

1. d4 f5 2. Nf3 Nf6 3. g3 e6 4. Bg2 Be7 5. O-O O-O 6. c4 d6 7. Nc3 Qe8 8. b3
Nbd7 9. Ng5 Bd8 10. e4 fxe4 11. Ngxe4 e5 12. Nxf6+ Bxf6 13. Nd5 Qd8 14. Bb2
exd4 15. Nxf6+ Nxf6 16. Qxd4 a5 17. Rad1 Bg4 18. Bxb7 Bxd1 19. Bxa8 Qxa8 20.
Rxd1 Rf7 21. Re1 Qf3 22. Qe3 Qb7 23. Qe6 a4 24. Bxf6 gxf6 25. Qe8+ Kg7 26. Qxa4
Qf3 27. Qe8 h5 28. Qe2 Qc3 29. Rd1 h4 30. Qg4+ Kf8 31. Qc8+ Kg7 32. Qg4+ Kf8
33. Qxh4 Re7 34. Qh6+ Ke8 35. Qd2 Qe5 36. Qd5 Qb2 37. Qd2 Qe5 38. a4 Kd7 39.
Qd5 Qb2 40. c5 Re5 41. Qf7+ Kc6 42. cxd6 cxd6 43. Qc4+ Kd7 44. Rc1 Re2 45. Qc8+
1-0

[Event "WCPL:White Knights-Cardiff"]
[Site "?"]
[Date "2016.10.02"]
[Round "1.2"]
[White "Bevan, Peter M"]
[Black "Hatchett, Paul"]
[Result "0-1"]
[WhiteElo "1961"]
[BlackElo "2015"]
[PlyCount "66"]
[EventDate "2016.10.02"]
[EventCountry "WLS"]
[SourceDate "2016.10.09"]

1. c4 Nf6 2. g3 g6 3. Bg2 Bg7 4. Nc3 O-O 5. d3 d6 6. e4 c6 7. Nge2 a6 8. a4 Bg4
9. f3 Bd7 10. Qb3 Qc7 11. Be3 c5 12. Nd5 Nxd5 13. exd5 e5 14. O-O a5 15. Nc3
Na6 16. f4 Nb4 17. Nb5 Bxb5 18. axb5 exf4 19. Rxf4 a4 20. Qd1 Bxb2 21. Rxa4
Rxa4 22. Qxa4 Nxd3 23. Re4 Bf6 24. Qa3 Ne5 25. Bf4 Qd7 26. Bxe5 Bxe5 27. Re1
Re8 28. Qa5 b6 29. Qd2 Qg4 30. Re4 Qf5 31. g4 Qf6 32. Kh1 Ra8 33. Re1 Bc3 0-1

[Event "WCPL:White Knights-Cardiff"]
[Site "?"]
[Date "2016.10.02"]
[Round "1.3"]
[White "Jones, Derek"]
[Black "Evans, Nicholas Thomas"]
[Result "1/2-1/2"]
[WhiteElo "1910"]
[BlackElo "1843"]
[PlyCount "64"]
[EventDate "2016.10.02"]
[EventCountry "WLS"]
[SourceDate "2016.10.09"]

1. c4 e6 2. Nf3 d5 3. g3 c5 4. cxd5 exd5 5. d4 Nc6 6. Bg2 Nf6 7. Nc3 Be7 8. O-O
O-O 9. b3 Be6 10. Bb2 Ne4 11. dxc5 Bf6 12. Rc1 Qa5 13. Qe1 Bxc3 14. Bxc3 Qxa2
15. b4 Nxc3 16. Qxc3 Qxe2 17. Nd4 Nxd4 18. Qxd4 Qb5 19. Rfd1 Rfd8 20. Bf1 Qd7
21. b5 Rdc8 22. c6 bxc6 23. bxc6 Qd6 24. Bb5 Rab8 25. Rc5 Rb6 26. Rdc1 Rc7 27.
f4 f6 28. f5 Bf7 29. Re1 Kf8 30. Ba4 Rb8 31. Bb5 Rb6 32. Ba4 Rb8 1/2-1/2

[Event "WCPL:White Knights-Cardiff"]
[Site "?"]
[Date "2016.10.02"]
[Round "1.4"]
[White "May, Adam J"]
[Black "Sivarajasingam, Shayanna"]
[Result "1/2-1/2"]
[WhiteElo "1923"]
[BlackElo "1698"]
[PlyCount "136"]
[EventDate "2016.10.02"]
[EventCountry "WLS"]
[SourceDate "2016.10.09"]

1. c4 e6 2. g3 Nf6 3. Bg2 d5 4. Nf3 Be7 5. O-O O-O 6. b3 a5 7. Nc3 d4 8. Nb5 c5
9. e3 Nc6 10. exd4 cxd4 11. Re1 Nd7 12. d3 e5 13. Bh3 f5 14. a3 g6 15. Ra2 Bf6
16. Rae2 Re8 17. Bb2 Re7 18. b4 Rg7 19. Nd6 axb4 20. axb4 Qf8 21. c5 Re7 22.
Qb3+ Kh8 23. Bc1 b6 24. Ng5 Bxg5 25. Bxg5 Nf6 26. cxb6 Be6 27. Nc4 Bxc4 28.
Qxc4 Nd8 29. Bg2 Rb8 30. Rxe5 Rxe5 31. Rxe5 Rxb6 32. Qxd4 Rd6 33. Qc3 h6 34.
Bxf6+ Qxf6 35. Re8+ Kg7 36. Qxf6+ Kxf6 37. Bf1 Kf7 38. Re1 Rb6 39. Rb1 Nc6 40.
b5 Nd4 41. Rb4 Nc2 42. Rc4 Na3 43. Rc7+ Ke6 44. d4 Nxb5 45. Bc4+ Kd6 46. Rg7 g5
47. Rh7 Nxd4 48. Rxh6+ Kc5 49. Rxb6 Kxb6 50. Kg2 g4 51. Bd5 Kc5 52. Ba8 Nc2 53.
h3 gxh3+ 54. Kxh3 Kd6 55. Kh4 Nd4 56. Kg5 Ke5 57. Bb7 Ne6+ 58. Kg6 Nd4 59. Bc8
Ke4 60. Bb7+ Ke5 61. f3 Ne2 62. g4 fxg4 63. fxg4 Nf4+ 64. Kf7 Ne6 65. Bc8 Ng5+
66. Kg6 Kf4 67. Bf5 Nf3 68. Kh5 Ng5 1/2-1/2

[Event "WCPL:White Knights-Cardiff"]
[Site "?"]
[Date "2016.10.02"]
[Round "1.5"]
[White "Sivarajasingam, Venetia"]
[Black "Buttell, David"]
[Result "1/2-1/2"]
[WhiteElo "1662"]
[BlackElo "1771"]
[PlyCount "67"]
[EventDate "2016.10.02"]
[EventCountry "WLS"]
[SourceDate "2016.10.09"]

1. e4 c5 2. Nf3 d6 3. Bb5+ Bd7 4. Bxd7+ Qxd7 5. c4 Nc6 6. Nc3 Nf6 7. d4 cxd4 8.
Nxd4 g6 9. O-O Bg7 10. Nde2 O-O 11. f3 a6 12. Be3 Rab8 13. Rc1 b5 14. cxb5 axb5
15. Nd4 Nxd4 16. Bxd4 Rfd8 17. Kh1 Qe6 18. b3 b4 19. Ne2 d5 20. Nf4 Qd7 21.
Bxf6 exf6 22. Nxd5 f5 23. Rc7 Qxc7 24. Nxc7 Rxd1 25. Rxd1 fxe4 26. fxe4 Be5 27.
Nd5 Kg7 28. Rc1 Bd6 29. Rc6 Bf8 30. g4 Ra8 31. Rc2 Re8 32. Rc4 Ra8 33. Rc2 Re8
34. Rc4 1/2-1/2

[Event "WCPL:Nidum-Cardigan"]
[Site "?"]
[Date "2016.10.02"]
[Round "1.7"]
[White "Williams, A. Howard"]
[Black "Saunders, Robert"]
[Result "1/2-1/2"]
[WhiteElo "2329"]
[BlackElo "2072"]
[Annotator "Rudy"]
[PlyCount "35"]
[EventDate "2016.10.02"]
[EventCountry "WLS"]
[SourceDate "2016.10.09"]

1. d4 Nf6 2. c4 c5 3. d5 b5 4. Nf3 Bb7 5. Nbd2 (5. a4) (5. Qc2) 5... e6 (5...
bxc4 {most frequent}) 6. e4 (6. dxe6 {alternative} fxe6) 6... bxc4 {main &
transposes to many more} (6... exd5 {Fominyh}) 7. dxe6 dxe6 8. e5 {main} (8.
Bxc4 {chosen by Cloud Engines}) 8... Nd5 9. Nxc4 {Engines, 15 games} (9. Bxc4 {
31 games}) 9... Be7 {main} (9... Nc6) 10. Be2 (10. Qb3 {main}) (10. a3 {next})
(10. Bd2 {Cloud Engines}) (10. Bd3 Nb4 11. Nd6+ Bxd6 12. exd6 Qxd6 13. Bb5+ Ke7
$15 {Boettcher-Dos Santos, LSS email 2009, 0-1}) 10... O-O (10... Nc6 11. O-O
O-O 12. Bd2 $11 {Shariyazdanov-Averjanov, RUS cup 300 yrs St Petersburg 2003,
0-1} (12. Re1 {Zimmer-Ventimiglia, IECG 1998,0-1})) 11. O-O Nd7 12. Qc2 (12. a3
a5 13. Bd2 Qc7 14. Qc2 Rfb8 15. Bd3 h6 16. Rfe1 Bc6 $11 {Schoebel-Dausch,
Bielop 1983,1-0}) 12... Rb8 13. Rd1 N7b6 (13... Nb4 14. Qb1 Qc7 $11 {Komodo10})
14. Nd6 $5 (14. Na5 $11) (14. b3 $11) (14. Bd2 $11) 14... Bxd6 15. Ng5 (15.
exd6 Qxd6 16. Ng5 f5 $15 (16... g6 17. Ne4 Qc6 18. Bf3 $11 {Komodo10})) 15...
g6 (15... f5 16. exd6 Qxd6 $15 {Komodo10}) 16. exd6 Qxd6 17. Qe4 (17. Ne4 Qc6
18. Bf3 Nd7 19. Bh6 Rfc8 20. b3 Qc7 21. Rac1 $14 {Komodo10}) 17... h6 (17...
Qe7 18. Qh4 f6 19. Ne4 Kh8 $15 {Komodo10}) 18. Nf3 {(draw?) There were already
2 losses to the team & 2 other games looked dicey} (18. Nf3 Nc3 $1 {Komodo10}
19. Rxd6 Nxe4 20. Rd1 g5 21. Ne5 Rbd8 22. Rxd8 Rxd8 23. f3 Nd6 24. Ng4 Kh7 25.
Be3 Ndc4 26. Bxc4 Nxc4 27. Bxc5 Nxb2 28. Bxa7 Ra8 29. Bd4 Nc4 30. Rb1 Bd5 31.
Nf6+ Kg6 32. Nxd5 exd5 33. Rb5 Rxa2 34. Rxd5 $11 {Komodo10}) 1/2-1/2

[Event "WCPL:Nidum-Cardigan"]
[Site "?"]
[Date "2016.10.02"]
[Round "1.8"]
[White "Evans, Craig"]
[Black "Jones, Iolo C"]
[Result "1-0"]
[WhiteElo "1982"]
[BlackElo "2187"]
[Annotator "Rudy"]
[PlyCount "45"]
[EventDate "2016.10.02"]
[EventCountry "WLS"]
[SourceDate "2016.10.09"]

1. e4 e5 2. Nf3 Nf6 3. Nc3 Nc6 4. d4 exd4 5. Nd5 {The Belgrade Gambit} h6 {
playable} (5... Be7 {solid}) (5... Nxe4 {complex} 6. Qe2 f5 7. Ng5 d3 8. cxd3
Nd4) (5... Nxd5) (5... Nb4) (5... d6) (5... Bc5) 6. Bc4 (6. Nxd4 Bc5 {main}) (
6. Bf4 d6 7. Nxd4) 6... d6 {a little passive} (6... Bc5 7. O-O d6 $15 {Antoli
Royo-Beliavsky, Hoogeveen Unive 2014,0-1}) 7. Nxd4 (7. O-O Be7 8. Nxd4 O-O $11
9. e5 $6 Nxe5 $17 {Stillman-Larsson, Hallstahammer op 1995,0-1}) 7... Ne5 {the
start of a longish journey, that leads to serious underdevelopment ( though it
is Komodo10's best choice} (7... Nxd4 8. Qxd4 {has been played, though results
favour Wh with 4 wins & a draw}) 8. Bb3 (8. Nb5 {a typical motiv in the
Belgrade , doesn't work here} Nxd5 (8... Nxc4 9. Nbxc7+ Kd7 10. Nxa8 Nxd5 11.
exd5 Qe8+ 12. Kf1 $16) 9. exd5 Nxc4 10. Qe2+ Ne5 11. f4 Bg4 12. Qe4 Qh4+ 13. g3
Bf3 14. Nxc7+ Kd8 15. Qe3 Qh5 16. Nxa8 Bxh1 17. fxe5 Qxe5 $15) 8... c6 {Bl's
idea, but loses time later} (8... Nxd5 9. exd5 Be7 $11) (8... Be7 9. O-O O-O
$11) 9. Nxf6+ Qxf6 10. O-O $16 {Bl's centreis a bit wobbly, with f4-e5 as a
possibility} Nd7 (10... Ng6 {Komodo10 & Stockfish6}) 11. c3 Nc5 12. Bc2 Qd8 {
more loss of time} (12... Be7 13. Be3 O-O $16 {both Engines 9 but gets the K
to relative safety}) 13. f4 Be7 {Stockfish 6} (13... a5 {Komodo10}) 14. b4 Ne6
(14... Na6 {both Engines}) 15. Nf5 Bf8 {best, but Bl is now seriously behind
in development} 16. Be3 g6 (16... Nc7 $16 {both Engines}) 17. Ng3 $18 {both
Engines} Bg7 18. f5 Nf8 {the unfortunate Knight moves again} (18... Bxc3 19.
fxg6 $1 (19. fxe6 Bxe6 20. Bb3 O-O 21. Bxh6 $18 {Komodo10}) 19... Ng5 20. h4
Be5 21. hxg5 fxg6 22. Nh5 (22. Bb3 $18) 22... hxg5 23. Nf6+ Bxf6 24. e5 Bf5 25.
exf6 Kd7 26. Bxf5+ gxf5 27. Rxf5 $18 {Komodo10}) 19. Bd4 (19. f6 $1 {both
Engines} Bxf6 20. Rxf6 Qxf6 21. Bd4 Qd8 22. Bxh8 $18) 19... Be5 20. Bb3 g5 (
20... Qe7 {both Engines; holds a little longer}) 21. Bxe5 dxe5 22. Bxf7+ $1 Ke7
23. f6+ 1-0

[Event "WCPL:Nidum-Cardigan"]
[Site "?"]
[Date "2016.10.02"]
[Round "1.9"]
[White "Van Kemenade, Rudy"]
[Black "Gibbons, Andrew"]
[Result "0-1"]
[WhiteElo "1980"]
[BlackElo "1931"]
[Annotator "Rudy"]
[PlyCount "72"]
[EventDate "2016.10.02"]
[EventCountry "WLS"]
[SourceDate "2016.10.09"]

1. f4 c5 2. Nf3 Nc6 3. g3 g6 4. Bg2 Bg7 5. d3 d6 (5... Nf6 6. O-O d6 7. c4 O-O
8. Nc3 Rb8 9. h3 a6 10. g4 {Van Kemenade-Gibbons, WCPL 2008,1-0}) 6. O-O Rb8 7.
c4 {Now it transposes to an English with a later f4, as played by Lombardy in
the 1970's} (7. e4 {transposes to a normal Closed Sicilian}) 7... e6 8. Nc3
Nge7 9. e4 (9. e3 {keeps control over d4, but allows Bl to strike back with d5
later}) (9. Rb1 a6 10. Bd2 O-O 11. e4 (11. a4 Nf5 12. e4 Nfd4 13. Nxd4 Nxd4 14.
b4 {Eshbaev-Halay,Jakarta op 2012, 1/2-1/2}) 11... f5 12. Ne2 b5 13. b3 Bd7 14.
h3 Qc7 15. Bc3 {Borngaesser-Miles, Wld ch tm U26 , 1974,1-0}) 9... O-O 10. g4
$146 (10. Be3 {main} a6 (10... Nd4 11. Bf2 Nec6 12. Rb1 Qa5 13. Nxd4 Nxd4 14.
a3 a6 15. Ne2 Nxe2+ 16. Qxe2 b5 17. b4 Qxa3 18. bxc5 dxc5 19. e5 $11 {
Vokac-Hinks Edwards, CZE ch tm 2015,1/2-1/2}) 11. a4 Nd4 12. Kh1 (12. Rb1) (12.
Bxd4) 12... Bd7 13. e5 Bc6 14. Nxd4 cxd4 15. Bxd4 Bxg2+ 16. Kxg2 Nf5 17. Bg1
dxe5 18. fxe5 Bxe5 {Tiller- M.Turner, Davos op 2004,0-1}) (10. Rb1 a6 11. a4 f5
12. Bd2 Nb4 13. Qe2 Nec6 14. b3 Bd7 {Hilton-Botterill, BCF ch Bristol 1968,1/
2-1/2}) (10. Nh4 Nd4 11. Ne2 Nec6 12. Nxd4 Nxd4 {Van Riemsdijk-Van Riemsdijk,
Aberto do Brasil de Caioba PR 2015, draw agreed}) 10... f5 (10... a6 11. Rb1 b5
12. Be3 Nd4 $15 {Komodo10}) 11. gxf5 (11. exf5 exf5 12. g5 $11 {considered})
11... exf5 {to unbalance the position} (11... gxf5 12. Kh1 a6 13. a4 Kh8 $11 {
Komodo10}) 12. Nd5 (12. Kh1 Nd4 13. Be3 a6 14. Rb1 b5 15. cxb5 Nxb5 16. Nxb5
axb5 17. b4 c4 18. Bd4 $11 {Komodo10}) 12... Nd4 (12... b5 13. Nxe7+ Qxe7 14.
Re1 Qc7 15. cxb5 Rxb5 16. Kh1 Nd4 17. Nxd4 Bxd4 18. Rb1 Qf7 19. b3 Bb7 $15 {
Komodo10}) 13. Nxd4 Bxd4+ 14. Kh1 (14. Be3 {Komodo10, considered} Bxb2 (14...
Nxd5 15. Bxd4 Nxf4 16. Rxf4 cxd4 17. exf5 Bxf5 18. Qf3 $11 {Komodo10, Wh
regains the d4 pawn}) 15. e5 Nc6 16. Nf6+ Kh8 17. Rb1 Bd4 18. Bxd4 Nxd4 19. Qd2
Be6 $17 (19... b6 $17) 20. Rxb7 Rxb7 21. Bxb7 Qc7 $19 22. Bg2 dxe5 23. fxe5
Qxe5 24. Ne4 f4 25. Rf2 f3 26. Bf1 Bxc4 {Komodo10}) 14... b5 15. cxb5 (15. Be3
$5) (15. Nxe7+ $5) 15... Rxb5 16. Qa4 a6 17. Nc3 Rb4 (17... Rb8) 18. Qc2 Bd7 (
18... Be6) 19. Bd2 Rb8 20. Rab1 $11 (20. Ne2 {considered} Rxb2 (20... Bxb2 21.
Rab1 Bg7 22. Qc4+ Kh8 23. Qxa6 Bc6 24. Nc3 Qd7 $15) 21. Qc4+ d5 $1 {Komodo10} (
21... Kh8 {pm analysis} 22. Nxd4 $16 Rxd2 23. Nf3 (23. Qc3 $1 {Komodo10} cxd4
24. Qxd2 $16) 23... Rxg2 $11 {Komodo10} (23... Re2 24. Ng1 Rxg2 $11)) (21...
Rf7 {pm analysis} 22. Nxd4 cxd4 (22... Rxd2 23. Nf3 Rxg2 (23... Rb2 24. Ng5 $16
) 24. Kxg2 Bb5 25. Qb3 h6 26. Rf2 $11 {Komodo10}) 23. Bc1 Rxg2 24. Kxg2 fxe4
25. dxe4 Bb5 26. Qxd4 Bxf1+ 27. Kxf1 Nc6 $11 {Komodo10}) 22. exd5 Bb5 23. Qc1
Rxd2 24. Qxd2 Bxa1 25. Rxa1 Nxd5 $17) 20... a5 21. Ne2 (21. b3 $11 {considered}
) 21... Bg7 22. e5 $5 {aiming to get a Q side majority bt targetting a5} (22.
Bc3 $11 {original idea}) 22... Bc6 $1 23. d4 (23. Bxc6 Nxc6 24. Qc4+ Kh8 25.
Qd5 dxe5 26. Qxc6 Qxd3 27. Bc3 Qxe2 28. Rbe1 (28. Qxc5 Qe4+ 29. Kg1 Rfc8 $17)
28... Qc4 29. Bxe5 Bxe5 30. b3 (30. fxe5 Rxb2 $19) 30... Qd3 31. fxe5 Rbc8 32.
Qd6 c4 33. bxc4 Qxc4 $17 {Komodo10}) 23... Bxg2+ 24. Kxg2 cxd4 25. Qc4+ Kh8 26.
exd6 $2 {too dangerous as Blgets control over the centre} (26. Qxd4 dxe5 (26...
Qc8 {Komodo10}) 27. Qxd8 Rfxd8 28. Bxa5 Rd5 29. Bc3 (29. Bc7 $6 Rc8 30. Bxe5
Bxe5 31. fxe5 Rc2 32. Rfe1 Rxe5 (32... Rdd2 33. Kf1 Nd5 {pm analysis is a
dangerous bind}) 33. Kf1 Nd5 34. b4 Rxa2 35. b5 Nb6 $17) 29... e4 30. a4 $17 {
Komodo10, but there is still a lot of play left}) 26... Qxd6 $19 27. Bxa5 Rfc8
{Wh had missed the strength of this, driving the Wh pices into a huddle on the
Q side} 28. Qa4 Qd5+ 29. Kh3 (29. Kf2 Qe4 (29... d3 30. Nc3 Qc5+ 31. Kf3 Nc6
$19) 30. Qa3 Rc2 31. Qf3 d3 $19) 29... Ra8 30. b4 d3 31. Ng3 (31. Ng1 Rc2 32.
Rf3 Qe4 33. Kg3 Nd5 34. Nh3 Nc3 35. Ng5 Qe2 $19 {Komodo10}) 31... Rc2 32. Rg1
Qf3 33. Qxc2 dxc2 34. Rbc1 (34. Rbf1 Qg4+ 35. Kg2 Nd5) 34... Nd5 35. Rxc2 Nxf4+
36. Kh4 Qg4# 0-1

[Event "WCPL:Nidum-Cardigan"]
[Site "?"]
[Date "2016.10.02"]
[Round "1.10"]
[White "Moore, Robert"]
[Black "Haigh, Tony"]
[Result "1-0"]
[WhiteElo "1806"]
[BlackElo "1804"]
[Annotator "Rudy"]
[PlyCount "107"]
[EventDate "2016.10.02"]
[EventCountry "WLS"]
[SourceDate "2016.10.09"]

1. d4 e6 2. Nf3 d5 3. e3 Nf6 4. Bd3 c5 5. c3 (5. b3 cxd4 6. exd4 Nc6 7. O-O Bd6
8. Bb2 Bd7 9. a3 O-O 10. Nbd2 a6 11. Ne5 Bc7 12. f4 b5 13. Rf3 h6 14. Rh3 Be8
15. Qe1 Nh7 16. Qg3 $16 {Moore-Haigh, Dyfed Open 2003,0-1}) 5... Nc6 6. Nbd2
cxd4 7. exd4 Bd6 8. O-O O-O 9. Re1 Rb8 (9... Qc7 {main} 10. Qe2 Re8 11. Ne5
Bxe5 12. dxe5 Nd7 13. Nf3 $14 (13. f4 $14)) 10. Ne5 (10. b4 Qc7 11. Nb3 e5 $11
{Leus-Hautot, BEL ch U18, 1998,0-1}) 10... Qc7 (10... Bd7 11. Re3 b5 12. Qe2 b4
13. Rh3 g6 14. Ndf3 $14 {Baraba-Staudt, Baden MA Leimen 2001,1-0}) 11. f4 b5 (
11... Ne7 $11 {Komodo10}) 12. Ndf3 b4 13. Nxc6 Qxc6 14. Ne5 Qb6 15. Re3 Ba6 16.
Bc2 bxc3 17. bxc3 h6 (17... g6 $15 {Rudy; Komodo10 gives the slight advantage})
(17... Rfc8 $15 {Komodo10}) 18. g4 {looks natural to break with g5} (18. Rg3 {
Rudy & Komodo10} Kh8 19. Qe1 Qc7 20. Rh3 Ne4 21. Bxe4 dxe4 22. Qxe4 Rfc8 23. f5
Bxe5 24. Qxe5 Qxe5 25. dxe5 exf5 26. Bxh6 Kg8 27. Rg3 g6 28. Bg5 Rb2 29. Rh3
Be2 30. Bf6 Bh5 31. Rd3 $16 {Komodo10}) 18... Qc7 (18... Rfc8 $15 {Komodo10}
19. g5 (19. Rh3 Qa5 20. g5 hxg5 21. fxg5 (21. Qe1 Ne4 22. fxg5 Bxe5 23. Qh4 Kf8
24. dxe5 Rxc3 25. Be3 Rxe3 26. Rxe3 Rb2 27. Bxe4 Qd2 28. Qh3 dxe4 $11 {Komodo10
}) 21... Bxe5 22. dxe5 Rxc3 23. Qe1 Qc5+ 24. Be3 Rxe3 25. Qxe3 Qxc2 26. exf6
Rb2 27. Qf3 g6 28. Re1 Bd3 $19 {Komodo10}) 19... hxg5 20. fxg5 Bxe5 21. dxe5
Ng4 22. g6 (22. Qxg4 Rxc3 $19) 22... Nxe3 23. gxf7+ Kxf7 24. Qh5+ Ke7 25. Qg5+
Kf8 26. Bxe3 Qb2 $19 {Komodo10}) 19. h4 {a bit slow} (19. g5 {pm analysis} Ne4
(19... hxg5 20. fxg5 Bxe5 21. gxf6 (21. dxe5 Ne4 $11) 21... Bxf6 22. Bh7+ Kxh7
23. Qh5+ Kg8 24. Rh3 Bxd4+ 25. cxd4 f5 26. Qh7+ Kf7 27. Bh6 Rg8 28. Rg3 Kf8 29.
Kh1 Rb2 30. Rag1 Bd3 31. Bxg7+ Qxg7 32. Qxg8+ Qxg8 33. Rxg8+ Kf7 34. R1g7+ Kf6
35. Rg3 Be4+ 36. Kg1 Rxa2 $11 {Komodo10}) 20. gxh6 g6 21. Qf3 Kh7 22. Bxe4 dxe4
23. Qxe4 Bb7 24. Qd3 Bxe5 25. Rxe5 (25. fxe5 Qc6 $15) 25... Qc6 26. d5 Qb6+ 27.
Be3 Qb2 28. Qf1 Bxd5 29. Bxa7 Ra8 30. Bd4 Rxa2 31. Rxa2 Qxa2 $11 {Komodo10})
19... Ne4 $17 20. Qe1 f5 21. g5 Bxe5 (21... Rfc8) 22. fxe5 (22. dxe5 d4 $17)
22... Qf7 23. Rf3 (23. Rh3 f4 (23... Qh5 24. Bd1) 24. Bxe4 dxe4 25. Qxe4 Qh5
$17 {Komodo10}) 23... Qh5 $19 24. Bd1 (24. Rh3 Nxg5 $19) 24... hxg5 25. Bxg5 (
25. hxg5 {a bit better}) 25... Nxg5 (25... Qg4+ $1 {Komodo10} 26. Kh1 Nxg5 27.
hxg5 Kf7 (27... Rb2 28. Qg3 Qe4 29. g6 f4 30. Qh4 Qxg6 $19) 28. Qg3 Rh8+ 29.
Kg1 Qe4 30. Qf4 Qe1+ $19) 26. hxg5 Qxg5+ 27. Rg3 (27. Qg3 {Komodo10}) 27... Qf4
28. Rf3 Qh6 29. Qf2 Kf7 (29... g5 $19) 30. Qg2 Rh8 31. Bb3 Rh7 (31... f4 32.
Rf2 g5 33. Re1 g4 $19 {Komodo10}) 32. Rb1 (32. Rxf5+ Ke8 (32... exf5 33. Qxd5+
Ke7 (33... Kg6 34. Qc6+ Kg5 (34... Kh5 35. Bd1+ {mating}) 35. Qg2+ Kf4 36. Qf2+
Ke4 37. Re1+ Kd3 38. Qc2#) 34. Qf7+ Kd8 35. Qf8+ Kc7 36. Qe7+ Kc6 37. Qc5+ Kd7
38. e6+ Ke8 39. Ba4+ Bb5 40. Bxb5+ Rxb5 41. Qxb5+ Ke7 42. Qc5+ Kf6 43. Qe5+ Ke7
44. Qc5+ {perpetual- Komodo10}) 33. Rf2 Bd3 $17 {Komodo10}) 32... Rbh8 33.
Rxf5+ {when in a lost position, confuse the issue, though Wh didn't think he
was losing} exf5 $2 (33... Ke7 $1 34. Rg5 Qh1+ 35. Qxh1 Rxh1+ 36. Kg2 Rxb1 $19)
34. Qxd5+ Kg6 $2 (34... Ke7 35. Qc5+ Kd8 36. Qd5+ {perpetual; Komodo10}) 35.
Qg2+ $2 (35. Qc6+ $1 {drives the K forward & mates in 6} Kg5 36. Qg2+ Kf4 37.
Qf2+ Ke4 (37... Kg4 38. Bd1+ Kg5 (38... Kh3 39. Qh2#) 39. Qg3#) 38. Re1+ Be2
39. Rxe2+ Kd3 40. Qf3+ Qe3+ 41. Qxe3#) 35... Qg5 36. Bf7+ Kxf7 (36... Kh6 $19 {
pm analysis & Komodo10} 37. Bd5 Qxg2+ 38. Bxg2 g5 39. d5 Bc4 40. d6 g4 41. Rb4
Be6 42. Bc6 Kg5 {the extra Wh pawns are barricaded, while the Bl ones advance})
37. Qxg5 $11 {the game should now end in a perpetual, but Bl tries for more}
Rh1+ 38. Kg2 R8h2+ 39. Kg3 Rh3+ 40. Kf4 Rh4+ 41. Kxf5 $2 {the move after the
time control} (41. Ke3 R4h3+ $11 (41... Re4+ 42. Kf2 Re2+ 43. Kg3 Rxb1 44.
Qxf5+ Kg8 45. Qxb1 $18)) 41... Bc8+ $2 {the move after the time control(
though both score sheets were a little short of accuracy)} (41... Bd3# {(not
seen by others in pm analysis, either}) 42. e6+ Bxe6+ 43. Ke5 $18 Rh5 {winning
back the Q, but} 44. Rf1+ (44. Rb7+ {is even stronger} Ke8 (44... Kf8 45. Kxe6
Re1+ 46. Qe5) 45. Qxh5+ Rxh5+ 46. Kxe6 Rh6+ 47. Ke5 Rc6 48. Rxg7 Rxc3 49. Rxa7)
44... Ke8 45. Kxe6 (45. Qxh5+ Rxh5+ 46. Kxe6 {Komodo10}) 45... Rxg5 46. Rxh1
Rg6+ 47. Kd5 Ra6 (47... Kd7 $16) 48. Rh2 (48. c4 Kd7 49. c5 Rf6 (49... Rxa2 50.
Rg1) 50. Rb1 Rf5+ 51. Ke4 $18 {Komodo10}) 48... Ke7 49. c4 g5 50. c5 g4 51.
Rh7+ Kd8 52. c6 g3 53. Kd6 g2 54. Rh8# 1-0